000 00716nam a2200253Ia 4500
003 SMC
005 20160713075657.0
008 160303s9999 xx 000 0 und d
020 _a971-15-0384-0
050 _aFIL KPM 3075
050 _b.C63 2001
245 4 _aThe Code on sanitation of the Philippines :
245 _bpresidential decree no. 856 : with implementing rules & regulations /
260 _aQuezon City:
260 _bNar Office of the National Adm. Reg.,
260 _c2001
300 _a724 pages :
300 _billustrations ;
300 _c25 cm.
500 _aIncludes index.
650 _aSanitation --
650 _xPhilippines, Presidential Decree No.856.
942 _2lcc
_cBK
999 _c291445
_d291445